000
00302nam a2200121Ia 4500
008
190216s9999||||xx |||||||||||||| ||und||
100
_a
Lakhani H G
245
0
_a
Problems Of Economic Development Of India
260
_b
New Literature Pub Co
_c
1972
300
_a
289p
650
_a
Economics
942
_c
BK
999
_c
9415
_d
9415